000 00571nam a2200181Ia 4500
005 20260429112042.0
008 260429s9999||||xx |||||||||||||| ||und||
020 _a9788119680726
041 _aEnglish
082 _a512.02
_bBUR
100 _aBurnside, William Snow , Panton, Arthur William
245 4 _aThe theory of equations /
_cArthur William Panton William Snow Burnside
250 _a0
260 _aदिल्ली :
_bएकैडमिक पब्लिकेशन,
_c2025.
300 _axvi, 387 p.; Hb
650 _aAbstract Algebra
942 _cTB
999 _c52102
_d52102